LEADER 00915cam0-2200337---450- 001 990005713280403321 005 20150911101822.0 035 $a000571328 035 $aFED01000571328 035 $a(Aleph)000571328FED01 035 $a000571328 100 $a19990604d1946----km-y0itay50------ba 101 0 $afre 102 $aFR 105 $aa-------001yy 200 1 $a<>préhistoire$fpar A. Vayson de Pradanne 205 $a3.ed. 210 $aParis$cColin$d1946 215 $a223 p.$c47 ill.$d17 cm 225 1 $aCollection Armand Colin$iSection de biologie$v210 610 0 $aPreistoria 676 $a930.1$v21$zita 700 1$aVayson de Pradenne,$bAndré$f<1888-1939> 801 0$aIT$bUNINA$gRICA$2UNIMARC 901 $aBK 912 $a990005713280403321 952 $a930.1 VAY 1$bIst.glott. s.i.$fFLFBC 952 $a04/39$b77$fDINGE 959 $aFLFBC 959 $aDINGE 997 $aUNINA LEADER 01181nam0-2200397---450- 001 990001791460203316 005 20040625110111.0 010 $a88-324-4003-2 035 $a0033076 035 $aUSA010033076 035 $a(ALEPH)000179146USA01 035 $a0033076 100 $a20040625d1995----km-y0itay0103----ba 101 $aita 102 $aIT 105 $a||||||||001yy 200 1 $aAppalti pubblici dei settori esclusi$eacqua, energia, trasporti e telecomunicazioni$fFrancesco Calarco$eappalti di lavori, forniture e servizi... 210 $aMilano$cPirola$d1995 215 $aXV, 394 p.$d24 cm 225 2 $aAppalti 300 $aIn cop.: Pirola appalti 410 0$12001$aAppalti 454 1$12001 461 1$1001-------$12001 606 0 $aServizi pubblici$xAppalti$xLegislazione 676 $a343.4509 700 1$aCALARCO,$bFrancesco$0279165 801 0$aIT$bsalbc$gISBD 912 $a990001791460203316 951 $aB11 341$b831 DIRCE 959 $aBK 969 $aGIU 979 $aDIRCE$b90$c20040625$lUSA01$h1059 979 $aDIRCE$b90$c20040625$lUSA01$h1101 996 $aAppalti pubblici dei settori esclusi$9879525 997 $aUNISA